000 00172nam a22000857a 4500
082 _a823
100 _aANN BRAYBOOKS
245 _aTHE LION KING - WAY TO GO, SIMHAL
942 _cBK
999 _c8096
_d8096